01766nam a2200325 a 450000100100000000500170001000800410002704000250006808200200009310000250011324501750013824600610031326000380037430000280041250001510044050400320059159000260062365000300064965000470067965000530072665000480077970000260082770000250085391000370087895201330091595201330104895201240118195201180130599900170142300001375020200929163333.0091130s199u dr a 000 0 spa d aDO-SdBNPbspacBNPHU a616.8588bB874h1 aBrossa, Jordi93120610aHistoria del programa de atención al retardado mental en la República Dominicana vivenciada por los autores /cJordi Brossa, Dora Sarasola ; introduccin Hugo Mendoza.14aHistoria del retardo mental en la República Dominicana aSanto Domingo :b[s.n.],c[199-]. a400 p. :bil. ;c21 cm. a1ra etapa desde 1954 a 1967 narrada por el Dr. Jordi Brossa. 2da etapa desde 1967 a 1989 actividades realizadas por quienes esta historia escriben aBibliografía : p. 393-395 aInventariado, 2018/LP 4aDeficiencia mental931207 4aNiños con discapacidades mentales913848 4aEnfermos mentaleszRepública Dominicana931208 4aPersonas con discapacidades mentales93120912aSarasola, Dora93121012aMendoza, Hugo919626 aValidado. Control de calidad MFF 001054708DSaGRbGRcHDd2010-05-25iLF1l0o616.8588 B874hp13750-40r2020-06-25te. 3w2020-06-25yLFDSZPréstamo en sala 001054708DSaGRbGRcHDd2011-10-10iLF1l0o616.8588 B874hp13750-50r2020-06-25te. 4w2020-06-25yLFDSZPréstamo en sala 0010718PDaPDbPDcHDd2009-11-30iLF1l0o616.8588 B874hp13750-10r2020-06-25te. 2w2020-06-25yLFPDZNo se presta 0010718PDaPDbPDcHDd2009-11-30iLF1l0o616.8588 B874hp13750-20r2020-06-25w2020-06-25yLFPDZNo se presta c13363d13363